000 00385nam a2200157Ia 4500
999 _c10812
_d10812
008 191201s2011 xx 000 0 und d
082 _a658.421
_bHIE
100 _aHISRICH, Robert D
245 0 _aEntrepreneurship
250 _a11th
260 _aNew Delhi
_bMc Graw Hill
_c2020
300 _a558
650 _aB Com
700 _aPETERS, Michael P and others
942 _2ddc
_cBK
_01